<?xml version="1.0" encoding="UTF-8"?>
<record
    xmlns:xsi="http://www.w3.org/2001/XMLSchema-instance"
    xsi:schemaLocation="http://www.loc.gov/MARC21/slim http://www.loc.gov/standards/marcxml/schema/MARC21slim.xsd"
    xmlns="http://www.loc.gov/MARC21/slim">

  <leader>00463nam a2200157 a 4500</leader>
  <controlfield tag="001">1029</controlfield>
  <controlfield tag="003">CDMR</controlfield>
  <controlfield tag="005">20130515094758.0</controlfield>
  <controlfield tag="008">130130s1972||||||||||||||||||||||||||||d</controlfield>
  <datafield tag="040" ind1=" " ind2=" ">
    <subfield code="a">CDMR</subfield>
    <subfield code="b">cat</subfield>
    <subfield code="c">CDMR</subfield>
  </datafield>
  <datafield tag="100" ind1="1" ind2=" ">
    <subfield code="a">Piedrahita, Manuel</subfield>
    <subfield code="9">811</subfield>
  </datafield>
  <datafield tag="245" ind1="1" ind2="3">
    <subfield code="a">El periodismo, carrera universitaria</subfield>
    <subfield code="c">Manuel Piedrahita ; pr&#xF3;logo de Luis Mar&#xED;a Anson</subfield>
  </datafield>
  <datafield tag="260" ind1=" " ind2=" ">
    <subfield code="a">Madrid</subfield>
    <subfield code="c">1972</subfield>
    <subfield code="b">Prensa Espa&#xF1;ola</subfield>
  </datafield>
  <datafield tag="650" ind1="0" ind2="4">
    <subfield code="9">2734</subfield>
    <subfield code="a">Periodisme</subfield>
    <subfield code="x">Ensenyament</subfield>
  </datafield>
  <datafield tag="942" ind1=" " ind2=" ">
    <subfield code="c">MON</subfield>
    <subfield code="2">udc</subfield>
  </datafield>
  <datafield tag="999" ind1=" " ind2=" ">
    <subfield code="c">1029</subfield>
    <subfield code="d">1029</subfield>
  </datafield>
  <datafield tag="952" ind1=" " ind2=" ">
    <subfield code="0">0</subfield>
    <subfield code="1">0</subfield>
    <subfield code="4">0</subfield>
    <subfield code="7">0</subfield>
    <subfield code="a">CDMR</subfield>
    <subfield code="b">CDMR</subfield>
    <subfield code="d">2013-01-16</subfield>
    <subfield code="l">0</subfield>
    <subfield code="o">Ci</subfield>
    <subfield code="p">CDMR13097375</subfield>
    <subfield code="r">2013-01-16</subfield>
    <subfield code="w">2013-01-16</subfield>
    <subfield code="y">MON</subfield>
  </datafield>
  <datafield tag="952" ind1=" " ind2=" ">
    <subfield code="0">0</subfield>
    <subfield code="1">0</subfield>
    <subfield code="4">0</subfield>
    <subfield code="7">0</subfield>
    <subfield code="a">GIRONA</subfield>
    <subfield code="b">GIRONA</subfield>
    <subfield code="d">2010-12-03</subfield>
    <subfield code="l">0</subfield>
    <subfield code="o">Cc 392</subfield>
    <subfield code="p">GIRONA13109101</subfield>
    <subfield code="r">2013-01-16</subfield>
    <subfield code="w">2013-01-16</subfield>
    <subfield code="y">MON</subfield>
  </datafield>
</record>
